SWARAJ KI KIRNE ANTRIM SANSAD MEIN CHOUDHAY CHARAN SINGH 1950-52 (Record no. 28224)
[ view plain ]
| 000 -LEADER | |
|---|---|
| fixed length control field | 00398nam a22001337a 4500 |
| 003 - CONTROL NUMBER IDENTIFIER | |
| control field | SGT |
| 082 ## - DEWEY DECIMAL CLASSIFICATION NUMBER | |
| Classification number | 973 |
| Item number | MDU |
| 100 ## - MAIN ENTRY--PERSONAL NAME | |
| Personal name | MAHARSHI DAYANAND UNIVERSITY |
| 245 ## - TITLE STATEMENT | |
| Title | SWARAJ KI KIRNE ANTRIM SANSAD MEIN CHOUDHAY CHARAN SINGH 1950-52 |
| Remainder of title | GRAMIN BHARAT KE PRAKHAR PRAHARI |
| 260 ## - PUBLICATION, DISTRIBUTION, ETC. (IMPRINT) | |
| Place of publication, distribution, etc | ROHTAK |
| Name of publisher, distributor, etc | MAHARSHI DAYANAND UNIVERSITY |
| Year of Publication | 2012 |
| 300 ## - PAGE DESCRIPTION | |
| No. of Pages | 259 |
| 653 ## - KEYWORDS--INDEX TERM | |
| Keyword term | CHOUDHARY CHARAN SINGH |
| 942 ## - ADDED ENTRY ELEMENTS (KOHA) | |
| Source of classification or shelving scheme | Dewey Decimal Classification |
| Koha item type | Books |
| Withdrawn status | Lost status | Source of classification or shelving scheme | Damaged status | Not for loan | Collection code | Home library | Current library | Shelving location | Date acquired | SGTU | Total Checkouts | Full call number | Accession No. (Barcode) | Date last seen | Bill Date | Koha item type |
|---|---|---|---|---|---|---|---|---|---|---|---|---|---|---|---|---|
| Dewey Decimal Classification | LAW | SGT Science & Social Sciences Library | SGT Science & Social Sciences Library | Text Book | 18/12/2024 | SGTU | 973 MDU | FL3779 | 18/12/2024 | 18/12/2024 | Books |